000 00894nam a2200277 a 4500
001 3780
005 20240507110655.0
020 _a806008678629
040 _aDLC
_cDLC
_dDLC
_beng
050 0 0 _aTL147.S345
082 0 0 _a629.04
100 1 _aScarry, Richard
245 1 0 _aRichard Scarry's things that go! /
_cRichard Scarry
260 _aNashville :
_bClever factory Inc ,
_c2010
300 _a8 unnumbered pages :
_bcolor illustrations ;
_c16 cm .
505 _aE
520 _aDepicts many different kinds of things that go, including bicycles, trains, boats, and planes.
521 _a250
_bLexile estimate
521 _aE
_bRaz-Plus
650 0 _aVehicles
_xJuvenile literature.
650 0 _aTransportation
_xJuvenile literature.
650 1 _aVehicles.
650 1 _aTransportation.
906 _a7
_bcbc
_corignew
_d2
_eopcn
_f19
_gy-gencatlg
942 _2ddc
_cBK
_n0
999 _c3780
_d3780